Pathophysiologic mechanisms and catheter ablation in atrial fibrillation

Elmentve itt :
Bibliográfiai részletek
Szerző: (Tutuianu) Vaduva Cristina
További közreműködők: Pap Róbert (Témavezető)
Dokumentumtípus: Disszertáció
Megjelent: 2020-01-28
Tárgyszavak:
doi:10.14232/phd.10346

mtmt:36201049
Online Access:http://doktori.ek.szte.hu/10346
LEADER 00845nta a2200217 i 4500
001 dokt10346
005 20250620140004.0
008 200108s2020 hu om 000 eng d
024 7 |a 10.14232/phd.10346  |2 doi 
024 7 |a 36201049  |2 mtmt 
040 |a SZTE Doktori Repozitórium  |b hun 
041 |a eng 
100 2 |a (Tutuianu) Vaduva Cristina 
245 1 0 |a Pathophysiologic mechanisms and catheter ablation in atrial fibrillation  |h [elektronikus dokumentum] /  |c  (Tutuianu) Vaduva Cristina 
260 |c 2020-01-28 
502 |a Disszertacio 
650 4 |a klinikai orvostudományok 
650 4 |a Klinikai orvostan 
700 0 1 |a Pap Róbert  |e ths 
856 4 0 |u https://doktori.bibl.u-szeged.hu/id/eprint/10346/1/Thesis%204%20FINAL.pdf  |z Dokumentum-elérés  
856 4 0 |u https://doktori.bibl.u-szeged.hu/id/eprint/10346/7/summary%20final.pdf  |z Dokumentum-elérés